000 00477nam a2200193Ia 4500
005 20250603144921.0
008 250603s9999 xx 000 0 und d
020 _a0-13-145144-8
050 _aT 58.6 .L3753/
100 _aKenneth C. Laudon
245 0 _aEssentials of management information systems
250 _aSixth Edition
260 _aNew Jersey
260 _bPearson Prentice Hall
260 _c2005
300 _a636 p
650 _aNew Jersey
942 _cBK
999 _c40333
_d40333